Military Avionics Systems, 1st Edition (Record no. 301671)

000 -LEADER
fixed length control field 00455 a2200157 4500
001 - CONTROL NUMBER
control field 66598
082 ## - DEWEY DECIMAL CLASSIFICATION NUMBER
Classification number 623.7460 MOI
090 ## - LOCALLY ASSIGNED LC-TYPE CALL NUMBER (OCLC); LOCAL CALL NUMBER (RLIN)
-- 38557
-- 38557
100 ## - MAIN ENTRY--PERSONAL NAME
Personal name Moir, Ian ; Seabeidge
245 ## - TITLE STATEMENT
Title Military Avionics Systems, 1st Edition
Statement of responsibility, etc. Ian Moir
250 ## - EDITION STATEMENT
Edition statement 1
260 ## - PUBLICATION, DISTRIBUTION, ETC.
Place of publication, distribution, etc. U.K
Name of publisher, distributor, etc. John Wiley & Sons U.K
Date of publication, distribution, etc. 2006
300 ## - PHYSICAL DESCRIPTION
Extent xxi, 520 p.
Other physical details photocopy [ 77343 origional copy]
500 ## - GENERAL NOTE
General note BE textbook Avionics
600 ## - SUBJECT ADDED ENTRY--PERSONAL NAME
Personal name Seabeidge
Title of a work Avionics Systems
942 ## - ADDED ENTRY ELEMENTS (KOHA)
Institution code [OBSOLETE] NUST-CAE
Call number prefix 623.7460 MOI
Holdings
Withdrawn status Lost status Damaged status Not for loan Collection code Permanent Location Current Location Date acquired Total Checkouts Full call number Barcode Date last seen Price effective from Koha item type
          College of Aeronautical Engineering (CAE) College of Aeronautical Engineering (CAE) 04/03/2017   623.7460 MOI CAE84240 04/05/2017 04/05/2017 Book
          College of Aeronautical Engineering (CAE) College of Aeronautical Engineering (CAE) 04/03/2017   623.7460 MOI CAE84241 04/05/2017 04/05/2017 Book
© 2023 Central Library, National University of Sciences and Technology. All Rights Reserved.